banner-ar

FILM THEORY AND CRITICISM / (Record no. 11815)

MARC details
000 -الفاتح
حقل البيانات ثابتة الطول 00487nam a2200193Ia 4500
008 - عناصر البيانات ثابتة الطول - معلومات عامة
حقل البيانات ثابتة الطول 140319s9999 xx 000 0 eng d
040 ## - مصدر الفهرسة
وكالة الفهرسة الأصلية GCL /
وكالة النسخ GCL
082 04 - رقم تصنيف ديوى العشرى
رقم التصنيف 791.43
رقم المادة M F
100 1# - المدخل الرئيسى - إسم شخصى
الإسم الشخصى MAST, GERALD
245 10 - بيان العنوان
العنوان FILM THEORY AND CRITICISM /
بيان المسئوليه,etc MAST, GERALD
700 1# - المدخل الاضافى - اسم شخصى
الإسم الشخصى COHEN, MARSALL
700 1# - المدخل الاضافى - اسم شخصى
الإسم الشخصى BRAUDY, LEO
260 ## - PUBLICATION, DISTRIBUTION, ETC. (IMPRINT)
تاريخ النشر أو التوزيع 1992
300 ## - الوصف المادى
التعداد 797 P
650 04 - المدخل الاضافى بالموضوع-مصطلح موضوعى
مصطلح موضوعي MOTION PICTURES
650 04 - المدخل الاضافى بالموضوع-مصطلح موضوعى
مصطلح موضوعي FILMS
942 ## - عناصر المدخل الإضافي( كوها)
مصدر التصنيف او مخطط الترفيف Dewey Decimal Classification
Koha [default] item type كتاب
260 ## - PUBLICATION, DISTRIBUTION, ETC. (IMPRINT)
-- [S.N] :
-- OXFORD UNIVERSITY PRESS ،
Holdings
حالة التراجع حالة الفقد حالة تلف ليس للاعارة المكان المؤقت الموقع الحالى تاريخ الاكتساب اجمالي اﻻعارات رقم الطلب الباركود تاريخ اخر مشاهدة تاريخ تفعيل السعر نوع وعاء كوها
        مكتبة القاهرة الكبرى مكتبة القاهرة الكبرى 03/26/2014   791.43\M F 23243 03/26/2014 03/26/2014 كتاب

Powered By

EGPV